Normal view
MARC view
- System design.
Entry Topical Term
001 - CONTROL NUMBER
- control field: 822
003 - CONTROL NUMBER IDENTIFIER
- control field: OSt
005 - DATE AND TIME OF LATEST TRANSACTION
- control field: 20170503151326.0
008 - FIXED-LENGTH DATA ELEMENTS
- fixed length control field: 170503|| aca||aabn | a|a d
040 ## - CATALOGING SOURCE
- Original cataloging agency: OSt
- Transcribing agency: OSt
150 ## - HEADING--TOPICAL TERM
- Topical term or geographic name entry element: System design.
670 ## - SOURCE DATA FOUND
- Source citation: Work cat.: (OSt): Whitten, Jeffrey L. 821, Systems analysis & design methods /, 1986

PORTAL AKMAL
E-MEL JKDM
AKMAL2U
G-BAM
u-PUSTAKA